Venedische Quellen zur Lebensgeschichte des Ahmed Paša Hersek-oghlu /

Hlavní autor: Heller, Erdmute
Korporativní autor: Universität München
Jazyk: Němčina
Vydáno: München : E. Heller, 1961
Fyzický popis: 95 s.
Knihy
Uloženo v:
LEADER 00694nam a22002172a 4500
001 001388377
003 CZ BrMZK
005 20140604110408.0
007 ta
008 140519s1961 gw er|||||||||||ger d
040 |a BOA001  |b cze 
100 1 |a Heller, Erdmute  |4 dis 
245 1 0 |a Venedische Quellen zur Lebensgeschichte des Ahmed Paša Hersek-oghlu /  |c Erdmute Heller 
260 |a München :  |b E. Heller,  |c 1961 
300 |a 95 s. 
502 |a Disertace--Universität München, 1961 
710 2 |a Universität München  |7 kn20020322441 
910 |a BOA001  |b 2-0474.125 
990 |a BK 
991 |b 201405 
996 7 |b 2619067227  |c 2-0474.125  |l MZK  |r Sklad / do 24 hodin  |n 0  |w 001423527  |u 000010  |a 1  |e BOA001  |j MZK50  |s A